| 000 | 00750ata a2200289 4500 | ||
|---|---|---|---|
| 005 | 20231117144209.0 | ||
| 008 | 150518b2001 xxu||||| |||| 00| 0 spa d | ||
| 020 | _a9789701512302 | ||
| 041 | _aESP | ||
| 082 | _a629.892 O51r | ||
| 100 |
_aOllero Baturone, Anibal _919576 |
||
| 245 | _aRobótica: manipuladores y robots móviles | ||
| 260 | _aEspaña | ||
| 260 | _bMarcombo | ||
| 260 | _c2001 | ||
| 300 | _a447 páginas | ||
| 505 | _aContiene disco compacto N° 195 | ||
| 650 | _aROBÓTICA | ||
| 650 | _aROBOTS | ||
| 650 | _aCINEMÁTICOS DE ROBOT | ||
| 650 | _aARQUITECTURA | ||
| 650 | _aSENSORES | ||
| 650 | _aPROGRAMACIÓN DE ROBOTS | ||
| 650 | _aTELERROBÓTICA | ||
| 942 |
_cBK _2ddc |
||
| 999 |
_c5595 _d5595 |
||